LIBRARY & INFORMATION CENTRE, KCAET, TAVANUR

ONLINE PUBLIC ACCESS CATALOGUE (OPAC)

Groundwater flow modelling using finite element method (Record no. 15181)

MARC details
000 -LEADER
fixed length control field 00693nam a22002057a 4500
003 - CONTROL NUMBER IDENTIFIER
control field OSt
088 ## - REPORT NUMBER
Report number P 194
100 ## - MAIN ENTRY--AUTHOR NAME
Personal name BIBIN SUNNY
245 ## - TITLE STATEMENT
Title Groundwater flow modelling using finite element method
260 ## - PUBLICATION, DISTRIBUTION, ETC. (IMPRINT)
Place of publication Tavanur 2009
Name of publisher Kelappaji College of Agricultural Engineering and Technology
300 ## - PHYSICAL DESCRIPTION
Number of Pages 68
500 ## - GENERAL NOTE
General note Groundwater flow modelling using finite element method
520 ## - SUMMARY, ETC.
Summary, etc Groundwater flow modelling using finite element method
700 ## - ADDED ENTRY--PERSONAL NAME
Personal name Seby K. J
700 ## - ADDED ENTRY--PERSONAL NAME
Personal name Sneha V. S
700 ## - ADDED ENTRY--PERSONAL NAME
Personal name Er. Sasikala D (Guide)
856 ## - ELECTRONIC LOCATION AND ACCESS
Uniform Resource Identifier https://drive.google.com/open?id=1EqS_FX-Y5-Lr5UYKWdHNfXk57_nDtEwe
942 ## - ADDED ENTRY ELEMENTS (KOHA)
Koha item type Project Report
Holdings
Collection code Home library Current library Shelving location Full call number Accession Number Koha item type
Reference KAUAET KAUAET Reference 631.587 BIB/GR P 194 Project Report
free website counter